ბათუმის შოთა რუსთაველის სახელმწიფო უნივერსიტეტის ბიბლიოთეკა

Векторный анализ и начала тензорного исчисления (ბიბ.ჩანაწერი № 48087)

000 -LEADER
fixed length control field 00657nam a2200205Ia 4500
001 - CONTROL NUMBER
control field 14967
003 - CONTROL NUMBER IDENTIFIER
control field GE_BSU
008 - FIXED-LENGTH DATA ELEMENTS--GENERAL INFORMATION
fixed length control field 181216s||||||||xx |||||||||||||| ||und||
040 ## - CATALOGING SOURCE
Transcribing agency GE_BSU
080 ## - UNIVERSAL DECIMAL CLASSIFICATION NUMBER
Universal Decimal Classification number 514.742
100 ## - MAIN ENTRY--PERSONAL NAME
Personal name Борисенко,А.И. Тарапов,И.Е.
245 ## - TITLE STATEMENT
Title Векторный анализ и начала тензорного исчисления
245 ## - TITLE STATEMENT
Statement of responsibility, etc. Ред.Д.А.Тальский
260 ## - PUBLICATION, DISTRIBUTION, ETC.
Place of publication, distribution, etc. Москва
260 ## - PUBLICATION, DISTRIBUTION, ETC.
Name of publisher, distributor, etc. Высшая школа
260 ## - PUBLICATION, DISTRIBUTION, ETC.
Date of publication, distribution, etc. 1966
300 ## - PHYSICAL DESCRIPTION
Extent 251стр.22см.
653 ## - INDEX TERM--UNCONTROLLED
Uncontrolled term Векторный анализ и начала тензорного исчисления
942 ## - ADDED ENTRY ELEMENTS (KOHA)
Koha item type წიგნი
ეგზემპლარები
Withdrawn status Lost status Damaged status Not for loan Date acquired Barcode Date last seen Price effective from Koha item type
        2018-12-17 17529 2018-12-17 2018-12-17 წიგნი